| 000 | 00525nam a2200193Ia 4500 | ||
|---|---|---|---|
| 005 | 20250423100023.0 | ||
| 008 | 250422s9999 xx 000 0 und d | ||
| 020 | _a9781605472003 | ||
| 050 | _aRM 301.14 .F56/ | ||
| 100 | _aFinkel, Richard | ||
| 245 | 0 | _aLippincott's illustrated reviews: pharmacology | |
| 250 | _a3rd ed. | ||
| 260 | _aBaltimore | ||
| 260 | _bLippincott Williams & Wilkins | ||
| 260 | _c2006 | ||
| 300 | _a564 p | ||
| 650 | _aPharmacology_Examination questions Pharmacology_Outlines | ||
| 942 | _cBK | ||
| 999 |
_c32042 _d32042 |
||